An introduction to the chemistry of cellulose / (Record no. 184910)

MARC details
000 -LEADER
campo de control de longitud fija 00633nam a2200193 i 4500
001 - NÚMERO DE CONTROL
campo de control 184910
003 - IDENTIFICADOR DE NÚMERO DE CONTROL
campo de control ES-MaACL
005 - FECHA Y HORA DE LA ÚLTIMA TRANSACCIÓN
campo de control 20230906222315.0
008 - DATOS DE LONGITUD FIJA--INFORMACIÓN GENERAL
campo de control de longitud fija 160218s1945 egb |||| | eng d
100 1# - ENTRADA PRINCIPAL--NOMBRE DE PERSONA
Nombre de persona Marsh, J. T.
9 (RLIN) 158798
245 13 - MENCIÓN DEL TÍTULO
Título An introduction to the chemistry of cellulose /
Mención de responsabilidad, etc. by J. T. Marsch and F. C. Wood ... ; with a foreword by Kenneth Lee.
250 ## - MENCION DE EDICION
Mención de edición 3d ed. rev.
260 ## - PUBLICACIÓN, DISTRIBUCIÓN, ETC.
Lugar de publicación, distribución, etc. London :
Nombre del editor, distribuidor, etc. Chapmann and Hall,
Fecha de publicación, distribución, etc. 1945.
300 ## - DESCRIPCIÓN FÍSICA
Extensión XII, 525 p., XXIII lám. ;
Dimensiones 25 cm.
650 #4 - PUNTO DE ACCESO ADICIONAL DE MATERIA--TÉRMINO DE MATERIA
Término de materia o nombre geográfico como elemento de entrada Celulosa.
9 (RLIN) 158799
700 0# - ENTRADA AGREGADA--NOMBRE PERSONAL
Nombre de persona Wood, F. C.
9 (RLIN) 117305
700 0# - ENTRADA AGREGADA--NOMBRE PERSONAL
Nombre de persona Lee, Kenneth
Títulos y otros términos asociados al nombre , Sir.
9 (RLIN) 71186
852 ## - LOCALIZACIÓN
Ubicación ES-MaACL
Número de control de estantería E-1830
Holdings
Estatus retirado Estado de pérdida Estado de daño No para préstamo Biblioteca de origen Biblioteca actual Ubicación en estantería Fecha de adquisición Fuente de adquisición Total de préstamos Signatura topográfica completa Código de barras Visto por última vez Precio de reemplazo Tipo de ítem Koha
        Biblioteca del Ateneo de Madrid Biblioteca del Ateneo de Madrid Depósito 2 18/02/2016     E-1830 1194755 23/02/2023 23/02/2023 Libro impreso